000
00294nam a22001217a 4500
040
_c
SY
082
_a
635
100
_a
NA
245
_a
Postharvest handling of fresh cut flowers and plant material
260
_a
UNIVERSITY AGRICULTUREAL EXPERIMENT STATION
_b
NANA
300
_a
11P.
942
_c
EK
999
_c
8796
_d
8796